Equity and poverty under rapid economic growth : the Japanese experience
Uloženo v:
| Hlavní autor: | |
|---|---|
| Médium: | Kniha |
| Jazyk: | Undetermined |
| Vydáno: |
Tokyo
Kinokuniya Co.
1984
|
| Tagy: |
Přidat tag
Žádné tagy, Buďte první, kdo otaguje tento záznam!
|
| Thư viện lưu trữ: | Trung tâm Học liệu Trường Đại học Cần Thơ |
|---|
| LEADER | 00525nam a2200181Ia 4500 | ||
|---|---|---|---|
| 001 | CTU_86395 | ||
| 008 | 210402s9999 xx 000 0 und d | ||
| 082 | |a 330.952 | ||
| 082 | |b M685 | ||
| 100 | |a Mizoguchi, Toshiyuki | ||
| 245 | 0 | |a Equity and poverty under rapid economic growth : | |
| 245 | 4 | |b the Japanese experience | |
| 245 | 0 | |c Toshiyuki Mizoguchi and Noriyuki Takayama | |
| 260 | |a Tokyo | ||
| 260 | |b Kinokuniya Co. | ||
| 260 | |c 1984 | ||
| 904 | |i Năm | ||
| 980 | |a Trung tâm Học liệu Trường Đại học Cần Thơ | ||